Discursos de recepción leídos en la Real Academia de Ciencias Morales y Políticas (Record no. 172605)

MARC details
000 -LEADER
campo de control de longitud fija 02923nas a2200349 i 4500
001 - NÚMERO DE CONTROL
campo de control 172605
003 - IDENTIFICADOR DE NÚMERO DE CONTROL
campo de control ES-MaACL
005 - FECHA Y HORA DE LA ÚLTIMA TRANSACCIÓN
campo de control 20250928125813.0
007 - CAMPO FIJO DE DESCRIPCIÓN FÍSICA--INFORMACIÓN GENERAL
campo de control de longitud fija t|
008 - DATOS DE LONGITUD FIJA--INFORMACIÓN GENERAL
campo de control de longitud fija 090727c1884 sp a| | 1 ||pa d
080 ## - NÚMERO DE LA CLASIFICACIÓN DECIMAL UNIVERSAL
Número de la Clasificación Decimal Universal 3 : 061.12(460)
110 2# - ENTRADA PRINCIPAL--NOMBRE DE ENTIDAD CORPORATIVA
Nombre de entidad corporativa o nombre de jurisdicción como elemento de entrada Real Academia de Ciencias Morales y Políticas (España)
9 (RLIN) 222050
245 10 - MENCIÓN DEL TÍTULO
Título Discursos de recepción leídos en la Real Academia de Ciencias Morales y Políticas
Fechas predominantes 1875-1881.
260 ## - PUBLICACIÓN, DISTRIBUCIÓN, ETC.
Lugar de publicación, distribución, etc. Madrid :
Nombre del editor, distribuidor, etc. [s. n.],
Fecha de publicación, distribución, etc. 1884 (
Fabricante Imp. y Fund. de Manuel Tello)
300 ## - DESCRIPCIÓN FÍSICA
Extensión 1 v. ;
Dimensiones 26 cm.
505 8# - NOTA DE CONTENIDO CON FORMATO
Nota de contenido con formato Contiene: T. II: Armonía de relaciones entre los intereses económicos, morales y políticos / José García Barzanallana (39 p.). Contestación / Juan Martín Carramolino (p. 41-54). Del divorcio / Cirilo Álvarez Martínez (p. 55-84). Contestación / Manuel Alonso Martínez (p. 85-109). La federación / Emilio Alcalá Galiano (p.111-194). Contestación / Manuel Alonso Martínez (p. 195-214). Influencia que en todos tiempos ha ejercido el derecho de propiedad y los fines importantes que hoy está llamada a cumplir / Benito Gutiérrez Fernández (p. 215-249). Contestación / Juan Martín Carramolino (p. 251-268). Oposición fundamental entre la civilización religioso-cristiana y la racionalista / José Moreno Nieto (p. 269-340). Contestación / Manuel Colmeiro (p. 341-350). Problemas relativos a las prisiones / Fernando Cos-Gayón (p. 351-394). Contestación / Manuel Alonso Martínez (p. 395-423). ¿Convendría para uniformar nuestra legislación, robustecer el poder paterno, mejorar la organización de la familia y hasta para dar solidez al derecho de propiedad, admitir y llevar a nuestras leyes el principio de la libertad de testar? / Juan de la Concha Castañeda (p. 425-456). Contestación / José García Barzanallana (p. 457-477). Expresión de las ideas económicas en la literatura / Mechor Salvá (p. 479-581). Contestación / Vicente de la Fuente (p. 583-594). La filosofía disidente... / Francisco Caminero (p. 595-670). Contestación / Vicente de la Fuente (p. 671-685).
700 1# - ENTRADA AGREGADA--NOMBRE PERSONAL
Nombre de persona García Barzanallana, José,
Fechas asociadas al nombre 1819-1903
9 (RLIN) 54239
700 1# - ENTRADA AGREGADA--NOMBRE PERSONAL
Nombre de persona Cos-Gayón, Fernando,
Fechas asociadas al nombre 1825-1898
9 (RLIN) 40977
700 1# - ENTRADA AGREGADA--NOMBRE PERSONAL
Nombre de persona Martín Carramolino, Juan,
Fechas asociadas al nombre 1805-1884
9 (RLIN) 77431
700 1# - ENTRADA AGREGADA--NOMBRE PERSONAL
Nombre de persona Alvarez Martínez, Cirilo,
Fechas asociadas al nombre 1808-1878
9 (RLIN) 20872
700 1# - ENTRADA AGREGADA--NOMBRE PERSONAL
Nombre de persona Alonso Martínez, Manuel,
Fechas asociadas al nombre 1827-1891
9 (RLIN) 20356
700 1# - ENTRADA AGREGADA--NOMBRE PERSONAL
Nombre de persona Colmeiro, Manuel (
Fechas asociadas al nombre 1818-1894)
9 (RLIN) 39768
700 1# - ENTRADA AGREGADA--NOMBRE PERSONAL
Nombre de persona Casa de Valencia, Emilio Alcalá Galiano y Valencia,
Títulos y otros términos asociados al nombre Conde de,
Fechas asociadas al nombre 1831-1914
9 (RLIN) 19462
700 1# - ENTRADA AGREGADA--NOMBRE PERSONAL
Nombre de persona Gutiérrez Fernández, Benito,
Fechas asociadas al nombre 1826-1885
9 (RLIN) 61147
700 1# - ENTRADA AGREGADA--NOMBRE PERSONAL
Nombre de persona Martín Carramolino, Juan,
Fechas asociadas al nombre 1805-1884
9 (RLIN) 77431
700 1# - ENTRADA AGREGADA--NOMBRE PERSONAL
Nombre de persona Moreno Nieto, José,
Fechas asociadas al nombre 1825-1882
9 (RLIN) 83416
700 1# - ENTRADA AGREGADA--NOMBRE PERSONAL
Nombre de persona Concha Castañeda, Juan de la.
9 (RLIN) 40074
700 1# - ENTRADA AGREGADA--NOMBRE PERSONAL
Nombre de persona Salvá, Melchor,
Fechas asociadas al nombre 1834-1918
9 (RLIN) 102056
700 1# - ENTRADA AGREGADA--NOMBRE PERSONAL
Nombre de persona Fuente, Vicente de la,
Fechas asociadas al nombre 1817-1889
9 (RLIN) 52857
852 ## - LOCALIZACIÓN
Ubicación ES-MaACL
Número de control de estantería K-184
Holdings
Estatus retirado Estado de pérdida Estado de daño No para préstamo Colección Biblioteca de origen Biblioteca actual Ubicación en estantería Fecha de adquisición Total de préstamos Signatura topográfica completa Código de barras Visto por última vez Precio de reemplazo Tipo de ítem Koha
        Periódicos y Revistas Biblioteca del Ateneo de Madrid Biblioteca del Ateneo de Madrid Administración 27/07/2009   K-184 1181134 23/02/2023 23/02/2023 Revista